000 00523 a2200181 4500
001 57324
005 20260407155835.0
008 260407a1954 arg spa d
003 AR-UNSa-BCEJYS
040 _aAR-UNSa-BCEJYS
_bspa
_cAR-UNSa-BCEJYS
245 1 0 _aLa tierra y la economía mundial
_ptratado general de geografía económica
264 1 _aBarcelona :
_bEdiciones Omega
_c1954
300 _a5 v.
_c25 cm.
041 _aspa
942 _cBK
590 _aniveau_biblio:m niveau_hierar:0
100 1 _aLütgens, Rudolf
999 _c6184
_d6184